00230nam a22000977a 4500082000800000100002800008245003800036260003700074300000900111650001200120 a503 aUvarov,E.BaChapman,D.R aThe penguin dictionary of science aEnglandbPenguin books ltdc1943 a488p ascience